Understanding Henri Lefebvre : theory and the possible (Record no. 429378)

MARC details
000 -LEADER
fixed length control field 00665nam a2200217Ia 4500
008 - FIXED-LENGTH DATA ELEMENTS--GENERAL INFORMATION
fixed length control field 191130s2004##################000#0#eng##
020 ## - INTERNATIONAL STANDARD BOOK NUMBER
ISBN 826470025
082 ## - DEWEY DECIMAL CLASSIFICATION NUMBER
Classification number H59.L38 E43 2004 301.092
100 ## - MAIN ENTRY--AUTHOR NAME
Personal name Elden, Stuart
245 ## - TITLE STATEMENT
Title Understanding Henri Lefebvre : theory and the possible
Statement of responsibility, etc Stuart Elden
260 ## - PUBLICATION, DISTRIBUTION, ETC. (IMPRINT)
Place of publication New York
Name of publisher Continuum
Year of publication c2004
300 ## - PHYSICAL DESCRIPTION
Number of Pages vi, 265 p. ; 24 cm
500 ## - GENERAL NOTE
General note Includes bibliographical references and index
650 ## - SUBJECT ADDED ENTRY--TOPICAL TERM
Topical Term Lefebvre, Henri, 1901-1991
Topical Term Social sciences - Philosophy
991 ## -
-- 251401

No items available.

Find us on the map